000 00411nam a2200169 a 4500
001 1762090390117
003 ACL
005 20251102190503.0
008 251102s2010##################000#0#eng##
020 _a9788130914992
082 0 4 _a658.15
_bBRO
100 1 _aBrown, Brian,
_eauthor.
245 1 0 _aSuccessful Finance For Non-Accountants :
260 _c2010.
942 _cENGLISH
040 _aACL
_beng
_cACL
999 _c595342
_d595342